Skater Boy Lyrics Avril Lavigne - Statistics

General Stats
  • This quiz has been taken 3,373 times
  • The average score is 285 of 367
Answer Stats
Hint Answer % Correct
a
100%
boy
100%
He
100%
he
100%
I
99%
i
99%
she
99%
Was
99%
was
99%
girl
98%
skater
98%
can
95%
her
95%
see
95%
ya
95%
it
94%
later
93%
obvious
93%
said
93%
did
92%
make
92%
more
92%
what
92%
say
91%
ballet
90%
for
89%
good
89%
the
89%
you
89%
anymore
88%
enough
88%
punk
87%
his
85%
to
85%
we
85%
friends
84%
in
83%
on
82%
all
81%
him
81%
wanted
81%
wasnt
81%
as
80%
but
80%
now
80%
and
79%
not
79%
they
79%
up
79%
well
78%
rock
77%
of
76%
tell
76%
had
75%
never
75%
show
75%
with
75%
know
74%
secretly
73%
hes
72%
mtv
72%
nose
72%
their
72%
clothes
71%
down
71%
guitar
71%
tv
71%
at
70%
back
69%
rocking
69%
she's
69%
tickets
69%
baby
68%
face
68%
stuck
68%
that
68%
alone
67%
already
67%
is
67%
pretty
67%
problem
67%
she'd
67%
baggy
66%
be
66%
just
66%
earth
65%
home
65%
sees
65%
superstar
65%
who
65%
are
64%
calls
64%
come
64%
head
64%
love
64%
space
64%
could
63%
got
63%
guess
63%
man
63%
turns
63%
how
62%
from
61%
im
61%
than
61%
years
61%
needed
60%
feeding
59%
turned
59%
five
58%
sits
58%
ya
58%
out
57%
this
57%
crowd
56%
story
56%
ends
55%
missed
53%
sorry
53%
used
53%
world
53%
each
52%
slamming
52%
worth
52%
couldnt
51%
others
51%
stands
51%
theyve
51%
looks
50%
mine
49%
song
48%
too
48%
about
47%
after
47%
ill
47%
along
46%
havent
46%
heard
46%
studio
46%
wrote
46%
your
46%
eye
45%
singing
45%
there
45%
bad
44%
boys
44%
meets
43%
backstage
42%
tags
42%
does
40%
inside
38%
luck
38%
tough
35%
soul
32%
our
28%
No matching quizzes found
Score Distribution
Percent of People with Each Score
Percentile by Number Answered
Your Score History
You have not taken this quiz